000
00403nam a22001577a 4500
003
MPLRDC
005
20220104195915.0
008
210129b ||||| |||| 00| 0 eng d
082
_a
DISC
100
_a
孟兆庆
245
_a
孟老师的面食小点--1 DISC
_c
250
_a
初版
260
_a
台湾
_b
大众国际书局股份有限公司
_c
2014
650
_a
点心制法
942
_c
CDA
_o
DISC
999
_c
66412
_d
66402